| 000 | 01700cab a2200337 4500 | ||
|---|---|---|---|
| 001 | ABS68721 | ||
| 008 | 050225n2005 000 0 eng u | ||
| 035 | _a(Sirsi) u128887 | ||
| 100 | _aHall, P. | ||
| 245 | _aDelivering sustainable communities | ||
| 260 | _c2005 | ||
| 490 |
_aTown & Country Planning _v74(1) January 2005, 14-24(11) |
||
| 520 | _aSpecial section comprising ninearticles on aspects of delivering sustainable communities. Articles cover developing sustainable communities on brownfield and greenfield sites, the unanswerable case for large-scale building of new homes, the essential role of leadership and joined-up agendas in securing adequate finance for the infrastructure needed in growth areas and the crucial need for a national spatial strategy to tackle growing regional economic disparities. Further articles examine the fragmented nature of a development planning scene without a national strategy, the value of new urbanism, the danger of inadequate process management in the delivery of sustainable communities, the promotion of wildlife habitats in urban regeneration and whether the sustainable communities agenda will fully address the housing crisis for the disabled. | ||
| 590 | _aABS | ||
| 650 | _aSUSTAINABLE COMMUNITIES | ||
| 650 | _aBROWNFIELD SITES | ||
| 650 | _aGREENFIELD SITES | ||
| 650 | _aNEW HOMES | ||
| 650 | _aSPATIAL PLANNING | ||
| 650 | _aURBAN REGENERATION | ||
| 690 | _aDEVELOPMENT-SUSTAINABLE | ||
| 700 | _aSampson, A. | ||
| 700 | _aWalker, J. | ||
| 700 | _aRobson, B. | ||
| 700 | _aHetherington, P. | ||
| 700 | _aThompson, P. | ||
| 700 | _aBishop, J. | ||
| 700 | _aMassini, P. | ||
| 700 | _aEllis, C. | ||
| 942 | _n0 | ||
| 999 |
_c74839 _d74839 |
||